[Event "Jugend WM U20"]
[Site "Istanbul"]
[Date "2005.11.12"]
[Round "4.5"]
[White "Terrieux, Kevin"]
[Black "Smeets, Jan"]
[Result "0-1"]
[WhiteElo "2365"]
[BlackElo "2531"]
[PlyCount "108"]
[EventDate "2005.11.??"]
[EventType "swiss"]
[EventRounds "13"]
[EventCountry "TUR"]
[Source "Reinhold Goldau"]
[SourceDate "2000.03.01"]

1. d4 d5 2. c4 e6 3. cxd5 exd5 4. Nc3 c6 5. Nf3 Bf5 6. Bg5 Qb6 7. Qc1 Nd7 8. e3
Ngf6 9. Be2 Bd6 10. O-O O-O 11. Bh4 Rae8 12. Re1 h6 13. Nd2 g5 14. Bg3 Bxg3 15.
hxg3 Kg7 16. Bd1 Bg6 17. g4 Rh8 18. Nf1 h5 19. gxh5 Nxh5 20. g4 Nhf6 21. Ng3
Ne4 22. Ncxe4 dxe4 23. Kg2 Nf6 24. Be2 Rh4 25. Qc3 Nxg4 26. Bxg4 Rxg4 27. d5+
f6 28. dxc6 Qxc6 29. Qd4 Qe6 30. Rad1 Re7 31. Qd5 f5 32. Qxe6 Rxe6 33. Rd7+ Kf6
34. Rxb7 Rh4 35. Rh1 Rxh1 36. Kxh1 Rc6 37. Rxa7 Rc2 38. Ra6+ Kg7 39. Kg1 f4 40.
exf4 gxf4 41. Nf1 Rxb2 42. Nh2 Bf5 43. Rd6 Bh3 44. Rd1 Rxa2 45. Nf1 Bg4 46. Re1
Be2 47. Nh2 Kg6 48. Rb1 Kg5 49. Rb8 Bh5 50. Rb4 Ra1+ 51. Kg2 f3+ 52. Kh3 Kf4
53. Rb6 Rh1 54. Rf6+ Ke5 0-1

[Event "Jugend WM U20"]
[Site "Istanbul"]
[Date "2005.11.12"]
[Round "4.6"]
[White "Nyback, Tomi"]
[Black "Lenic, Luka"]
[Result "1/2-1/2"]
[WhiteElo "2563"]
[BlackElo "2476"]
[PlyCount "52"]
[EventDate "2005.11.??"]
[EventType "swiss"]
[EventRounds "13"]
[EventCountry "TUR"]
[Source "Reinhold Goldau"]
[SourceDate "2000.03.01"]

1. d4 Nf6 2. c4 g6 3. Nc3 Bg7 4. e4 d6 5. Nf3 O-O 6. Be2 e5 7. O-O Nc6 8. d5
Ne7 9. Nd2 a5 10. a3 Nd7 11. Rb1 f5 12. b4 axb4 13. axb4 Nf6 14. Re1 Kh8 15.
Bf1 c6 16. Bb2 fxe4 17. Ndxe4 Nxe4 18. Nxe4 cxd5 19. cxd5 Bf5 20. Bc1 Ra2 21.
f3 Bxe4 22. fxe4 Ng8 23. Qb3 Qh4 24. Qxa2 Qxe1 25. Qe2 Qxe2 26. Bxe2 Rc8
1/2-1/2

[Event "Jugend WM U20"]
[Site "Istanbul"]
[Date "2005.11.12"]
[Round "4.7"]
[White "Alekseev, Evgeny"]
[Black "Magalashvili, Davit"]
[Result "1-0"]
[WhiteElo "2632"]
[BlackElo "2448"]
[PlyCount "77"]
[EventDate "2005.11.??"]
[EventType "swiss"]
[EventRounds "13"]
[EventCountry "TUR"]
[Source "Reinhold Goldau"]
[SourceDate "2000.03.01"]

1. e4 c5 2. Nf3 d6 3. d4 cxd4 4. Nxd4 Nf6 5. Nc3 a6 6. Be2 e5 7. Nb3 Be7 8. O-O
O-O 9. a4 Be6 10. Bf3 Nbd7 11. Re1 Rc8 12. a5 Qc7 13. Be3 Rfd8 14. Nd2 h6 15.
Nf1 Nc5 16. Ng3 Bf8 17. Qd2 Qb8 18. Nd5 Bxd5 19. exd5 Kh7 20. h4 g6 21. h5 Bg7
22. Rac1 e4 23. Be2 Ncd7 24. c4 Ne5 25. Bd4 Re8 26. Bf1 Re7 27. hxg6+ fxg6 28.
Nxe4 Nxe4 29. Rxe4 Rce8 30. Rce1 Qc7 31. Qc3 g5 32. b4 Rf8 33. c5 Ref7 34. Bxe5
Bxe5 35. Rxe5 dxe5 36. Bd3+ Kh8 37. Rxe5 Rg7 38. d6 Qf7 39. Rf5 1-0

[Event "Jugend WM U20"]
[Site "Istanbul"]
[Date "2005.11.12"]
[Round "4.8"]
[White "Babujian, Levon"]
[Black "Berkes, Ferenc"]
[Result "1/2-1/2"]
[WhiteElo "2429"]
[BlackElo "2596"]
[PlyCount "63"]
[EventDate "2005.11.??"]
[EventType "swiss"]
[EventRounds "13"]
[EventCountry "TUR"]
[Source "Reinhold Goldau"]
[SourceDate "2000.03.01"]

1. e4 c5 2. Nf3 e6 3. d4 cxd4 4. Nxd4 a6 5. Nc3 Qc7 6. g3 d6 7. Bg2 Nf6 8. O-O
Nc6 9. Be3 Be7 10. f4 O-O 11. Nb3 Rd8 12. Qe2 b5 13. e5 Ne8 14. a4 b4 15. Nb5
axb5 16. axb5 Bb7 17. bxc6 Bxc6 18. Bxc6 Qxc6 19. Nd4 Qe4 20. Qd3 Qxd3 21. cxd3
Rxa1 22. Rxa1 Rc8 23. Kf2 dxe5 24. fxe5 Kf8 25. Kf3 h5 26. h3 Nc7 27. Rc1 Ke8
28. Nc6 Na6 29. d4 Bf8 30. Ke4 Kd7 31. d5 Nc7 32. Na5 1/2-1/2

[Event "Jugend WM U20"]
[Site "Istanbul"]
[Date "2005.11.12"]
[Round "4.9"]
[White "Wen, Yang"]
[Black "Stellwagen, Daniel"]
[Result "0-1"]
[WhiteElo "2374"]
[BlackElo "2561"]
[PlyCount "106"]
[EventDate "2005.11.??"]
[EventType "swiss"]
[EventRounds "13"]
[EventCountry "TUR"]
[Source "Reinhold Goldau"]
[SourceDate "2000.03.01"]

1. e4 e6 2. d4 d5 3. exd5 exd5 4. Nf3 Bd6 5. Bd3 Ne7 6. h3 O-O 7. O-O Bf5 8.
Re1 Bxd3 9. Qxd3 Ng6 10. Bg5 Qd7 11. Nc3 c6 12. Nh4 Na6 13. Ne2 Rae8 14. c3 Re4
15. Nxg6 hxg6 16. Ng3 Ree8 17. Qf3 Qc7 18. Nf1 Qb6 19. Re2 Rxe2 20. Qxe2 Nc7
21. Qc2 Re8 22. Be3 Qa6 23. b3 Ne6 24. Nh2 Nf4 25. c4 Ne6 26. Nf3 Be7 27. Re1
Rd8 28. c5 Bf6 29. Qd2 b6 30. b4 bxc5 31. bxc5 Rb8 32. Bf4 Rb7 33. Be5 Qa3 34.
Re2 Qb4 35. Qe3 Qb1+ 36. Kh2 Rb2 37. Rxb2 Qxb2 38. a3 a5 39. Kg3 a4 40. Kh2 Qa1
41. h4 Qb2 42. h5 gxh5 43. Bxf6 gxf6 44. Qh6 Nxd4 45. Qxh5 Nxf3+ 46. Qxf3 Qe5+
47. g3 Qd4 48. Kg1 Kg7 49. Qf5 Qe4 50. Qh5 d4 51. f3 Qe6 52. Qh4 d3 53. Qd4
Qe1+ 0-1

[Event "Jugend WM U20"]
[Site "Istanbul"]
[Date "2005.11.12"]
[Round "4.10"]
[White "Predojevic, Borki"]
[Black "Cornette, Matthieu"]
[Result "1-0"]
[WhiteElo "2558"]
[BlackElo "2418"]
[PlyCount "81"]
[EventDate "2005.11.??"]
[EventType "swiss"]
[EventRounds "13"]
[EventCountry "TUR"]
[Source "Reinhold Goldau"]
[SourceDate "2000.03.01"]

1. e4 c5 2. Nf3 e6 3. c3 d5 4. e5 d4 5. g3 Nc6 6. Bg2 g5 7. h3 h6 8. Na3 Bg7 9.
cxd4 cxd4 10. Nc4 Nge7 11. O-O O-O 12. a4 Ng6 13. d3 Ncxe5 14. Nfxe5 Nxe5 15.
Nxe5 Bxe5 16. Qh5 Bg7 17. f4 f5 18. fxg5 hxg5 19. g4 Qd6 20. Bxg5 Bd7 21. gxf5
Rxf5 22. Rxf5 exf5 23. Bf4 Qe6 24. Bxb7 Re8 25. Qf3 Qe2 26. Bd5+ Kh7 27. Qg3
Qh5 28. Kh1 Bf6 29. Rg1 Bxa4 30. Bf3 Qh4 31. Qg6+ Kh8 32. Qxf5 Bb3 33. Bg5 Bxg5
34. Rxg5 Qe1+ 35. Kh2 Qf2+ 36. Rg2 Qh4 37. Be4 Qh6 38. Rg5 Rf8 39. Qe5+ Qf6 40.
Rh5+ Kg8 41. Qg3+ 1-0

[Event "Jugend WM U20"]
[Site "Istanbul"]
[Date "2005.11.12"]
[Round "4.12"]
[White "L'Ami, Erwin"]
[Black "Esen, Baris"]
[Result "1-0"]
[WhiteElo "2541"]
[BlackElo "2384"]
[PlyCount "127"]
[EventDate "2005.11.??"]
[EventType "swiss"]
[EventRounds "13"]
[EventCountry "TUR"]
[Source "Reinhold Goldau"]
[SourceDate "2000.03.01"]

1. e4 e6 2. d4 d5 3. Nc3 Nf6 4. e5 Nfd7 5. f4 c5 6. Nf3 Nc6 7. Be3 cxd4 8. Nxd4
Bc5 9. Qd2 O-O 10. O-O-O a6 11. Qf2 Nxd4 12. Bxd4 Qe7 13. Bd3 b5 14. Kb1 b4 15.
Na4 Bxd4 16. Qxd4 Bb7 17. f5 exf5 18. Bxf5 Nxe5 19. Rhe1 f6 20. Nc5 Kh8 21. Qh4
h6 22. Nd3 Rfe8 23. Qxb4 Qf7 24. Nf4 Bc8 25. g4 Bxf5 26. gxf5 Rab8 27. Qd4 Rec8
28. Nxd5 Nf3 29. Re7 Nxd4 30. Rxf7 Nxc2 31. Rd3 Nb4 32. Nxb4 Rxb4 33. Rg3 Rf4
34. a3 Rxf5 35. Rgxg7 Rg5 36. Rh7+ Kg8 37. Rb7 Rh5 38. Rbg7+ Kf8 39. Rf7+ Kg8
40. Rhg7+ Kh8 41. Rg6 Rxh2 42. Rfxf6 h5 43. Rxa6 h4 44. Rh6+ Kg7 45. Rag6+ Kf7
46. Ka2 Rb8 47. Rb6 Rxb6 48. Rxb6 Rg2 49. Rb4 h3 50. Rh4 Rg3 51. a4 Ke7 52. b3
Kd6 53. Ka3 Kc5 54. a5 Rd3 55. Ka4 Kc6 56. b4 Rg3 57. Rh6+ Kb7 58. a6+ Ka7 59.
Ka5 Ra3+ 60. Kb5 Rg3 61. Rh7+ Kb8 62. Ka5 Rf3 63. b5 Rf5 64. a7+ 1-0

[Event "Jugend WM U20"]
[Site "Istanbul"]
[Date "2005.11.12"]
[Round "4.13"]
[White "Zhigalko, Andrey"]
[Black "Poobesh Anand, S."]
[Result "1/2-1/2"]
[WhiteElo "2537"]
[BlackElo "2397"]
[PlyCount "82"]
[EventDate "2005.11.??"]
[EventType "swiss"]
[EventRounds "13"]
[EventCountry "TUR"]
[Source "Reinhold Goldau"]
[SourceDate "2000.03.01"]

1. e4 c5 2. Nf3 Nc6 3. d4 cxd4 4. Nxd4 Nf6 5. Nc3 e5 6. Ndb5 d6 7. Bg5 a6 8.
Na3 b5 9. Nd5 Be7 10. Bxf6 Bxf6 11. c3 Ne7 12. Nxf6+ gxf6 13. Be2 Bb7 14. Bf3
d5 15. exd5 Qd6 16. c4 Qb4+ 17. Qd2 Qxd2+ 18. Kxd2 bxc4 19. d6 Bxf3 20. gxf3
Nf5 21. Nxc4 Rd8 22. Rhd1 Nxd6 23. Nxd6+ Rxd6+ 24. Ke3 Ke7 25. Rxd6 Kxd6 26.
Rd1+ Kc6 27. Rc1+ Kd6 28. Rc4 Rb8 29. b3 Rb5 30. Rh4 Ra5 31. a4 Rc5 32. Kd2
Rd5+ 33. Kc3 Rc5+ 34. Rc4 a5 35. b4 axb4+ 36. Kxb4 Rd5 37. Rc8 Kd7 38. Rc2 Rd1
39. a5 Rb1+ 40. Ka4 Ra1+ 41. Kb5 Rb1+ 1/2-1/2

[Event "Jugend WM U20"]
[Site "Istanbul"]
[Date "2005.11.12"]
[Round "4.16"]
[White "Glud, Jacob Vang"]
[Black "Moradiabadi, Elshan"]
[Result "1-0"]
[WhiteElo "2349"]
[BlackElo "2497"]
[PlyCount "103"]
[EventDate "2005.11.??"]
[EventType "swiss"]
[EventRounds "13"]
[EventCountry "TUR"]
[Source "Reinhold Goldau"]
[SourceDate "2000.03.01"]

1. c4 Nf6 2. g3 c5 3. Bg2 d5 4. cxd5 Nxd5 5. Nc3 Nc7 6. Nf3 Nc6 7. O-O e5 8.
Ne1 Be7 9. Nd3 f6 10. b3 Bf5 11. Ne4 Ne6 12. Ba3 Qd4 13. Bb2 Qd7 14. Rc1 Rd8
15. Ndxc5 Nxc5 16. Nxc5 Bxc5 17. Rxc5 Qxd2 18. Qxd2 Rxd2 19. Bxc6+ bxc6 20.
Bxe5 Bh3 21. Bc3 Rxa2 22. Re1 O-O 23. f3 Re8 24. Kf2 Bd7 25. g4 Kf7 26. g5 f5
27. Be5 Be6 28. Rxc6 Bxb3 29. Rc7+ Re7 30. Rxe7+ Kxe7 31. Bxg7 a5 32. Kg3 Kf7
33. Bh8 a4 34. h4 Kg6 35. Kf4 Rd2 36. h5+ Kxh5 37. Rh1+ Kg6 38. Rh6+ Kf7 39.
Rxh7+ Kg8 40. g6 Rxe2 41. Be5 Kf8 42. Kxf5 Ke8 43. Rh8+ Ke7 44. Bf6+ Kd7 45. g7
Re8 46. Rf8 a3 47. Kg6 Bg8 48. Rxg8 Rxg8 49. Kf7 Re8 50. f4 a2 51. f5 Re7+ 52.
Kg6 1-0

[Event "Jugend WM U20"]
[Site "Istanbul"]
[Date "2005.11.12"]
[Round "4.17"]
[White "Kurmann, Oliver"]
[Black "Zinchenko, Yaroslav"]
[Result "1/2-1/2"]
[WhiteElo "2287"]
[BlackElo "2485"]
[PlyCount "121"]
[EventDate "2005.11.??"]
[EventType "swiss"]
[EventRounds "13"]
[EventCountry "TUR"]
[Source "Reinhold Goldau"]
[SourceDate "2000.03.01"]

1. e4 c5 2. Nf3 Nc6 3. d4 cxd4 4. Nxd4 Nf6 5. Nc3 e5 6. Ndb5 d6 7. Bg5 a6 8.
Na3 b5 9. Nd5 Be7 10. Bxf6 Bxf6 11. c3 O-O 12. Nc2 Rb8 13. h4 Be7 14. Nce3 Be6
15. Qf3 Qd7 16. Rd1 Bd8 17. Be2 Ne7 18. h5 h6 19. O-O Qb7 20. a3 Nxd5 21. exd5
Bd7 22. Bd3 Qc8 23. Nf5 Rb6 24. Qe4 Bxf5 25. Qxf5 Qxf5 26. Bxf5 Rb7 27. Rfe1 a5
28. Re4 Bb6 29. Rd2 Ra8 30. g3 Kf8 31. Kg2 Bc5 32. Rc2 b4 33. axb4 axb4 34. f4
bxc3 35. bxc3 exf4 36. gxf4 Re7 37. Rce2 Rxe4 38. Rxe4 Ra2+ 39. Kh1 Ra1+ 40.
Kh2 Ra2+ 41. Kh1 Ra7 42. Kh2 Bb6 43. c4 Rc7 44. Kg2 Ba5 45. Kf3 Bc3 46. Kg2 Bf6
47. Kf3 Be7 48. Bh7 Ra7 49. Bf5 Ra1 50. Kg2 Rc1 51. Kh2 Ra1 52. Kg2 Ra5 53. Kh2
Rc5 54. Kg2 Rc7 55. Bh7 Ke8 56. Bg8 f5 57. Re3 Rxc4 58. Kf3 Rc1 59. Be6 Rf1+
60. Kg3 Rd1 61. Ra3 1/2-1/2

[Event "Jugend WM U20"]
[Site "Istanbul"]
[Date "2005.11.12"]
[Round "4.18"]
[White "Romanov, Evgeny"]
[Black "Jessel, Stephen"]
[Result "1-0"]
[WhiteElo "2479"]
[BlackElo "2304"]
[PlyCount "43"]
[EventDate "2005.11.??"]
[EventType "swiss"]
[EventRounds "13"]
[EventCountry "TUR"]
[Source "Reinhold Goldau"]
[SourceDate "2000.03.01"]

1. e4 c6 2. Nc3 d5 3. Nf3 Bg4 4. h3 Bxf3 5. Qxf3 e6 6. d3 Nd7 7. Bd2 Qc7 8. g4
h5 9. g5 Bd6 10. d4 Ne7 11. O-O-O a6 12. Kb1 Ng6 13. Bd3 Nh4 14. Qe3 dxe4 15.
Nxe4 Be7 16. Ng3 g6 17. d5 Bc5 18. Qe4 Bxf2 19. dxe6 Nc5 20. exf7+ Kd7 21. Qxh4
Nxd3 22. Bf4 1-0

[Event "Jugend WM U20"]
[Site "Istanbul"]
[Date "2005.11.12"]
[Round "4.21"]
[White "Xie, George Wendi"]
[Black "Khairullin, Ildar"]
[Result "0-1"]
[WhiteElo "2340"]
[BlackElo "2537"]
[PlyCount "35"]
[EventDate "2005.11.??"]
[EventType "swiss"]
[EventRounds "13"]
[EventCountry "TUR"]
[Source "Reinhold Goldau"]
[SourceDate "2000.03.01"]

1. d4 f5 2. g3 Nf6 3. Bg2 g6 4. Nh3 Bg7 5. Nf4 O-O 6. h4 Bh8 7. Nd2 Nc6 8. c3
Qe8 9. Nf3 e6 10. b3 d6 11. Ng5 Nd8 12. O-O h6 13. Nf3 Bg7 14. Ba3 Ne4 15. h5
g5 16. Ng6 Rf7 17. Rc1 Nf6 18. Nd2 {.........} 0-1

[Event "Jugend WM U20"]
[Site "Istanbul"]
[Date "2005.11.12"]
[Round "4.23"]
[White "Rau, Hannes"]
[Black "Can, Emre"]
[Result "1-0"]
[WhiteElo "2421"]
[BlackElo "2287"]
[PlyCount "87"]
[EventDate "2005.11.??"]
[EventType "swiss"]
[EventRounds "13"]
[EventCountry "TUR"]
[Source "Reinhold Goldau"]
[SourceDate "2000.03.01"]

1. d4 e6 2. c4 f5 3. g3 Nf6 4. Bg2 Be7 5. Nc3 O-O 6. Nf3 Ne4 7. O-O Bf6 8. Ne1
Nxc3 9. bxc3 d6 10. Rb1 c6 11. Ba3 Na6 12. Nd3 Re8 13. Qa4 Qc7 14. d5 Nb8 15.
Nf4 Rd8 16. dxe6 Bxc3 17. Qc2 Be5 18. Qxf5 Bxf4 19. gxf4 Qe7 20. Bh3 Rf8 21.
Qd3 c5 22. f5 Nc6 23. Bb2 b6 24. Rbd1 Ne5 25. Bxe5 dxe5 26. Qe4 Bb7 27. Qxe5
Rad8 28. f3 Ba6 29. Qf4 Qf6 30. Kh1 Rd4 31. Rxd4 cxd4 32. Rd1 Bxc4 33. Qxd4
Bxe2 34. Qxf6 Bxf3+ 35. Bg2 Bxg2+ 36. Kxg2 gxf6 37. Rd7 a5 38. Kg3 b5 39. Kg4
b4 40. Ra7 Rc8 41. Rxa5 Kg7 42. Kh5 Rc7 43. h4 Rb7 44. Rd5 1-0

[Event "Jugend WM U20"]
[Site "Istanbul"]
[Date "2005.11.12"]
[Round "4.24"]
[White "Li, Chao"]
[Black "Rohit, Gogineni"]
[Result "1-0"]
[WhiteElo "2305"]
[BlackElo "2401"]
[PlyCount "97"]
[EventDate "2005.11.??"]
[EventType "swiss"]
[EventRounds "13"]
[EventCountry "TUR"]
[Source "Reinhold Goldau"]
[SourceDate "2000.03.01"]

1. e4 c5 2. Nf3 e6 3. d4 cxd4 4. Nxd4 a6 5. Bd3 Bc5 6. Nb3 Ba7 7. Qe2 Nc6 8.
Be3 d6 9. Nc3 Nge7 10. O-O b5 11. f4 O-O 12. Kh1 Nb4 13. Rad1 Bxe3 14. Qxe3 Qc7
15. f5 f6 16. fxe6 Bxe6 17. Nd4 Qc5 18. Be2 Bd7 19. Qd2 Rad8 20. a3 Nbc6 21.
Nb3 Qe5 22. Qxd6 Be6 23. Qxe5 fxe5 24. Nc5 Nd4 25. Rxf8+ Rxf8 26. Nxe6 Nxe6 27.
a4 Nd4 28. Bd3 Rb8 29. axb5 axb5 30. Nd5 Nec6 31. c3 Ne6 32. b4 Kf8 33. Ra1 Nf4
34. Rf1 Kg8 35. Nxf4 exf4 36. Rxf4 Ne5 37. Be2 Rc8 38. Rf5 Rxc3 39. Kg1 Rc1+
40. Kf2 Nc6 41. Rc5 Rxc5 42. bxc5 b4 43. Bb5 Nd4 44. Bc4+ Kf8 45. Ke3 Nc2+ 46.
Kd2 Na3 47. Bd3 Ke7 48. Kc1 Kd7 49. e5 1-0

[Event "Jugend WM U20"]
[Site "Istanbul"]
[Date "2005.11.12"]
[Round "4.26"]
[White "Livshits, Gaby"]
[Black "Akshat, Khamparia"]
[Result "1/2-1/2"]
[WhiteElo "2381"]
[BlackElo "2275"]
[PlyCount "63"]
[EventDate "2005.11.??"]
[EventType "swiss"]
[EventRounds "13"]
[EventCountry "TUR"]
[Source "Reinhold Goldau"]
[SourceDate "2000.03.01"]

1. e4 c5 2. Nc3 d6 3. f4 Nc6 4. Nf3 g6 5. Bc4 Bg7 6. O-O e6 7. d3 Nge7 8. Qe1
O-O 9. f5 gxf5 10. Qg3 Kh8 11. Qh3 f6 12. Nh4 Ne5 13. a4 Nxc4 14. dxc4 fxe4 15.
Nxe4 d5 16. Nxc5 e5 17. Qc3 b6 18. Nd3 Bb7 19. cxd5 Rc8 20. Qd2 Qxd5 21. Ne1
Qxd2 22. Bxd2 Rfd8 23. Be3 Be4 24. c3 Rd7 25. Nef3 Rcd8 26. Rfe1 Bc6 27. a5 b5
28. a6 Nc8 29. Nf5 Bf8 30. Re2 Nb6 31. h3 Nc4 32. Bf2 1/2-1/2

[Event "Jugend WM U20"]
[Site "Istanbul"]
[Date "2005.11.12"]
[Round "4.27"]
[White "Maenhout, Thibaut"]
[Black "Grecescu, Gabriel-Andrei"]
[Result "1-0"]
[WhiteElo "2282"]
[BlackElo "2380"]
[PlyCount "61"]
[EventDate "2005.11.??"]
[EventType "swiss"]
[EventRounds "13"]
[EventCountry "TUR"]
[Source "Reinhold Goldau"]
[SourceDate "2000.03.01"]

1. e4 c5 2. Nf3 d6 3. d4 cxd4 4. Nxd4 Nf6 5. Nc3 g6 6. Be3 Bg7 7. f3 O-O 8. Qd2
Nc6 9. Bc4 Bd7 10. O-O-O Ne5 11. Bb3 Rc8 12. h4 h5 13. Bg5 Rc5 14. Kb1 b5 15.
g4 Nc4 16. Bxc4 Rxc4 17. e5 Nh7 18. Nd5 Nxg5 19. Qxg5 Kh7 20. gxh5 Bh6 21.
hxg6+ fxg6 22. Qg3 dxe5 23. h5 g5 24. Qxe5 Bg7 25. Qe3 e5 26. h6 Bh8 27. Ne2
Bf5 28. Qxa7+ Bd7 29. Nb6 Rc7 30. Rxd7+ Qxd7 31. Nxd7 1-0

[Event "Jugend WM U20"]
[Site "Istanbul"]
[Date "2005.11.12"]
[Round "4.28"]
[White "Amanov, Mesgen"]
[Black "Perdomo, Leandro"]
[Result "1/2-1/2"]
[WhiteElo "2273"]
[BlackElo "2373"]
[PlyCount "59"]
[EventDate "2005.11.??"]
[EventType "swiss"]
[EventRounds "13"]
[EventCountry "TUR"]
[Source "Reinhold Goldau"]
[SourceDate "2000.03.01"]

1. d4 Nf6 2. Nf3 g6 3. Bg5 Bg7 4. Nbd2 d6 5. e4 O-O 6. c3 c5 7. dxc5 dxc5 8.
Bc4 Nc6 9. O-O Qc7 10. Re1 Na5 11. Bf1 h6 12. Bh4 Nh5 13. Qc2 Be6 14. Rad1 Rfd8
15. a4 a6 16. Re3 Rd7 17. Rd3 Rad8 18. Bg3 Nxg3 19. hxg3 Qc6 20. Rxd7 Rxd7 21.
Be2 g5 22. Ne1 c4 23. f4 Qc5+ 24. Kh1 f5 25. exf5 Bxf5 26. Ne4 Rxd1 27. Bxd1
Qc6 28. Bf3 g4 29. Nf2 gxf3 30. Qxf5 1/2-1/2

[Event "Jugend WM U20"]
[Site "Istanbul"]
[Date "2005.11.12"]
[Round "4.29"]
[White "Laval, Brice"]
[Black "Tikkanen, Hans"]
[Result "0-1"]
[WhiteElo "2214"]
[BlackElo "2343"]
[PlyCount "38"]
[EventDate "2005.11.??"]
[EventType "swiss"]
[EventRounds "13"]
[EventCountry "TUR"]
[Source "Reinhold Goldau"]
[SourceDate "2000.03.01"]

1. e4 g6 2. d4 Bg7 3. Nc3 d6 4. Be3 a6 5. Qd2 Nd7 6. h4 h5 7. Nh3 b5 8. f3 c6
9. Ng5 Qc7 10. g3 Nb6 11. a4 Rb8 12. b3 b4 13. Nd1 d5 14. a5 Nd7 15. exd5 cxd5
16. Bf4 e5 17. dxe5 Nxe5 18. Ra4 f6 19. Nh3 Bxh3 0-1

[Event "Jugend WM U20"]
[Site "Istanbul"]
[Date "2005.11.12"]
[Round "4.30"]
[White "Zhigalko, Sergei"]
[Black "Shlykov, Vitali"]
[Result "1-0"]
[WhiteElo "2490"]
[BlackElo "2238"]
[PlyCount "47"]
[EventDate "2005.11.??"]
[EventType "swiss"]
[EventRounds "13"]
[EventCountry "TUR"]
[Source "Reinhold Goldau"]
[SourceDate "2000.03.01"]

1. e4 e6 2. d4 d5 3. e5 c5 4. c3 Nc6 5. Nf3 Qb6 6. a3 Nh6 7. b4 cxd4 8. cxd4
Nf5 9. Be3 Nxe3 10. fxe3 f6 11. exf6 gxf6 12. Bd3 e5 13. Nh4 Be6 14. O-O O-O-O
15. Bf5 Ne7 16. Nc3 Bh6 17. Qd3 Bxe3+ 18. Qxe3 Nxf5 19. Nxf5 Bxf5 20. Na4 Qb5
21. Rxf5 Qxa4 22. Rxf6 exd4 23. Qf4 b6 24. Rf7 1-0

[Event "Jugend WM U20"]
[Site "Istanbul"]
[Date "2005.11.12"]
[Round "4.31"]
[White "Citak, Selim"]
[Black "Barnaure, Vlad-Victor"]
[Result "1/2-1/2"]
[WhiteElo "2291"]
[BlackElo "2454"]
[PlyCount "38"]
[EventDate "2005.11.??"]
[EventType "swiss"]
[EventRounds "13"]
[EventCountry "TUR"]
[Source "Reinhold Goldau"]
[SourceDate "2000.03.01"]

1. d4 Nf6 2. c4 c5 3. d5 e5 4. Nc3 d6 5. e4 Be7 6. Nf3 Nbd7 7. g3 a6 8. a4 O-O
9. Bg2 Ne8 10. O-O Rb8 11. Ra3 Nc7 12. Rb3 Re8 13. Ne1 Bf6 14. Nc2 g6 15. Bh3
Bh8 16. Ne3 Nf6 17. f4 exf4 18. gxf4 Nh5 19. Kh1 Ng7 1/2-1/2

[Event "Jugend WM U20"]
[Site "Istanbul"]
[Date "2005.11.12"]
[Round "4.32"]
[White "Pileckis, Emilis"]
[Black "Papin, Vasily"]
[Result "1-0"]
[WhiteElo "2255"]
[BlackElo "2425"]
[PlyCount "67"]
[EventDate "2005.11.??"]
[EventType "swiss"]
[EventRounds "13"]
[EventCountry "TUR"]
[Source "Reinhold Goldau"]
[SourceDate "2000.03.01"]

1. d4 g6 2. c4 Bg7 3. Nc3 d6 4. Nf3 Nd7 5. e4 e5 6. Be3 exd4 7. Nxd4 Ngf6 8.
Be2 O-O 9. O-O Re8 10. f3 Nb6 11. Qd2 Nh5 12. Rac1 f5 13. exf5 gxf5 14. f4 Nf6
15. b3 Ng4 16. Bxg4 fxg4 17. Rce1 c6 18. Bf2 Bd7 19. Ne4 d5 20. Ng5 Qf6 21. c5
h6 22. cxb6 hxg5 23. fxg5 Qg6 24. Rxe8+ Bxe8 25. bxa7 c5 26. Ne2 d4 27. b4 b6
28. Qc1 Bb5 29. Re1 Bf8 30. Nf4 Qxg5 31. a4 Be8 32. Rxe8 Rxe8 33. Qc4+ Kh8 34.
Qf7 1-0

[Event "Jugend WM U20"]
[Site "Istanbul"]
[Date "2005.11.12"]
[Round "4.34"]
[White "Krivokapic, Marko"]
[Black "Zeynalov, Farid"]
[Result "1/2-1/2"]
[WhiteElo "2361"]
[BlackElo "2179"]
[PlyCount "107"]
[EventDate "2005.11.??"]
[EventType "swiss"]
[EventRounds "13"]
[EventCountry "TUR"]
[Source "Reinhold Goldau"]
[SourceDate "2000.03.01"]

1. e4 e6 2. d4 d5 3. e5 c5 4. c3 Nc6 5. Nf3 Qb6 6. a3 Bd7 7. b4 cxd4 8. cxd4
Rc8 9. Be3 a5 10. b5 Na7 11. a4 Nh6 12. Bd3 Nf5 13. O-O Be7 14. Nbd2 Qd8 15.
Nb3 b6 16. Bd2 h5 17. Qe1 O-O 18. Qe2 g6 19. Rfc1 Rxc1+ 20. Rxc1 Qb8 21. h3 Rc8
22. Rd1 Kg7 23. Ng5 Rh8 24. Rc1 Qd8 25. Nf3 Nc8 26. g3 Na7 27. h4 Nc8 28. Ng5
Re8 29. Bf4 Ba3 30. Rc2 Nce7 31. Nh3 Ng8 32. Qe3 Ngh6 33. Bg5 Be7 34. Bxf5 Nxf5
35. Qc3 Bxg5 36. Nxg5 Qe7 37. Qd3 Rc8 38. Rxc8 Bxc8 39. Qc3 Qd8 40. Qc6 Ne7 41.
Qc1 Nf5 42. Nf3 Bd7 43. Kg2 Bc8 44. Nbd2 Bd7 45. Nf1 Bc8 46. Ne3 Nxe3+ 47. Qxe3
Qe7 48. Qc1 Bb7 49. Kh3 Kf8 50. Qh6+ Ke8 51. Qh8+ Qf8 52. Qf6 Qe7 53. Qf4 Bc8
54. Ng5 1/2-1/2

[Event "Jugend WM U20"]
[Site "Istanbul"]
[Date "2005.11.12"]
[Round "4.35"]
[White "Yagiz, Yasin Emrah"]
[Black "El Debs, Felipe De Cresce"]
[Result "1-0"]
[WhiteElo "2206"]
[BlackElo "2341"]
[PlyCount "119"]
[EventDate "2005.11.??"]
[EventType "swiss"]
[EventRounds "13"]
[EventCountry "TUR"]
[Source "Reinhold Goldau"]
[SourceDate "2000.03.01"]

1. Nf3 c5 2. c4 Nc6 3. g3 g6 4. Bg2 Bg7 5. O-O e5 6. Nc3 Nge7 7. a3 O-O 8. Rb1
a5 9. d3 d6 10. Nb5 h6 11. Bd2 d5 12. cxd5 Nxd5 13. Qc1 b6 14. Bxh6 Bb7 15.
Bxg7 Kxg7 16. Qg5 f6 17. Qg4 Bc8 18. Qe4 Bf5 19. Qa4 Be6 20. Nd2 Qd7 21. Nc3
Nde7 22. Nde4 Bh3 23. Nd2 Rh8 24. Qe4 Bf5 25. Qe3 Bh3 26. Qf3 Bg4 27. Qe4 Bf5
28. Qa4 Bh3 29. Bxc6 Nxc6 30. Rfd1 Rad8 31. Nce4 Qb7 32. Nf3 Nd4 33. Rd2 Bd7
34. Qd1 Nxf3+ 35. exf3 Bc6 36. b4 cxb4 37. axb4 a4 38. b5 Bd5 39. Qxa4 f5 40.
Ng5 Rh5 41. Qa1 Qb8 42. Qa3 Re8 43. h4 Rxg5 44. hxg5 Bxf3 45. d4 e4 46. Rb3 Qd8
47. Rxf3 exf3 48. Qxf3 Re1+ 49. Kg2 Qxg5 50. Rc2 Qe7 51. Rc6 Qe4 52. Qxe4 fxe4
53. Rd6 g5 54. f3 Re2+ 55. Kf1 Re3 56. Kf2 Rb3 57. Rxb6 Kf7 58. Rb8 Ke6 59. b6
Kd7 60. b7 1-0

[Event "Jugend WM U20"]
[Site "Istanbul"]
[Date "2005.11.12"]
[Round "4.36"]
[White "Jojua, Davit"]
[Black "Cil, Hasan Kivanc"]
[Result "1-0"]
[WhiteElo "2337"]
[BlackElo "2067"]
[PlyCount "47"]
[EventDate "2005.11.??"]
[EventType "swiss"]
[EventRounds "13"]
[EventCountry "TUR"]
[Source "Reinhold Goldau"]
[SourceDate "2000.03.01"]

1. d4 d5 2. c4 e6 3. Nf3 c5 4. cxd5 exd5 5. Nc3 Be6 6. Bf4 Nc6 7. e3 Nf6 8. Be2
Be7 9. O-O O-O 10. dxc5 Bxc5 11. Nb5 Rc8 12. Rc1 Bb6 13. Nd6 Rc7 14. Nxb7 Rxb7
15. Rxc6 d4 16. exd4 Bxa2 17. Ba6 Rd7 18. b3 Bxd4 19. Qc2 Qa5 20. Bc4 Nd5 21.
Bd2 Bc3 22. Bxc3 Nxc3 23. Ra6 Qb4 24. Ng5 1-0